[Event "Feffernitz Raika op 06th"]
[Site "Feffernitz"]
[Date "1997.08.20"]
[Round "?"]
[White "Trupp, Erich"]
[Black "Kock, Hans Uwe"]
[Result "1/2-1/2"]
[WhiteElo "1932"]
[BlackElo "2235"]
[PlyCount "43"]
[EventDate "1997.08.??"]
[EventType "swiss"]
[EventRounds "9"]
[EventCountry "AUT"]
[SourceTitle "EXT 2004"]
[Source "ChessBase"]
[SourceDate "2003.11.25"]
[SourceVersion "1"]
[SourceVersionDate "2003.11.25"]
[SourceQuality "1"]

1. Nc3 Nf6 2. e4 d6 3. d4 g6 4. Nf3 Bg7 5. Bd3 0-0 6. h3 c6 7. 0-0 Nbd7 8. Be3 e5 9. dxe5 dxe5 10. Qd2 Re8 11. Bh6 Bh8 12. Bc4 Re7 13. Ng5 Qc7 14. Rad1 Bg7 15. Bxg7 Kxg7 16. Bxf7 Nc5 17. Bb3 h6 18. Nf3 Nfxe4 19. Nxe4 Nxe4 20. Qe3 Nf6 21. Rfe1 e4 22. Nd2 1/2-1/2